000 00771nam a2200277 a 4500
001 000113418
003 CHAP
005 20250513120134.0
008 170620s2014 ag a |r| ||1|||spa d
010 _a109879
011 _a110851
020 _a9789502414874
040 _cCHAP
082 0 4 _a637.3
_bB33
100 1 _aBattro, Pablo
_9132661
245 1 0 _aTodo lo que siempre quiso saber sobre los quesos /
_cpor Pablo Battro.
260 _aBuenos Aires :
_bEditorial Albatros,
_c2014.
300 _a159 p. :
_bil.
590 _aE5765TAJ
_b05
_c20170620
_lUCH01
_h1309
650 1 4 _aQueso artesanal
_xCultivos iniciadores
_963363
650 1 4 _aQueso
_xProcesado.
_993233
650 1 4 _aQueso
_xVariedades.
_9125836
901 _aBK
942 _cLIBRO
942 _n0
999 _c109879
_d109879